Loading...
| Fine Arts - Painting & Sculpture | 0 | 4 | 1 | 0 | 35 | 81 | 109.50 | 3 | 4 |
| Literature - World Literature | 0 | 3 | 0 | 0 | 30 | 91 | 102.33 | 1 | 3 |
| Mythology | 0 | 3 | 0 | 1 | 30 | 84 | 106.33 | 1 | 3 |
| Literature - European Literature | 0 | 2 | 1 | 0 | 15 | 95 | 113.50 | 2 | 2 |
| Science - Other Science | 0 | 1 | 0 | 0 | 10 | 138 | 138.00 | 0 | 1 |
| History - Other History | 0 | 1 | 0 | 0 | 10 | 103 | 103.00 | 0 | 1 |
| Literature - British Literature | 0 | 1 | 0 | 0 | 10 | 119 | 119.00 | 0 | 1 |
| Philosophy | 0 | 1 | 0 | 0 | 10 | 130 | 130.00 | 0 | 1 |
| Fine Arts - Other Fine Arts | 0 | 1 | 1 | 0 | 5 | 130 | 130.00 | 0 | 1 |
| Fine Arts - Classical Music | 0 | 1 | 1 | 0 | 5 | 77 | 77.00 | 1 | 1 |
| Religion | 0 | 0 | 1 | 0 | -5 | 0.00 | 0 | 0 | |
| Literature - American Literature | 0 | 0 | 1 | 0 | -5 | 0.00 | 0 | 0 |